00625nam a22001937a 4500003000500000005001700005008004100022010001000063011001000073035001000083040000900093100004200102245007900144260004000223300003000263502008700293650001900380650003200399CHAP20220329133949.0971013s1984 r 00010 d a13319 a14291 a18364 cCHAP00aGómez Morales, Santiago Benjamín. aEstudio agroclimático del Distrito de Temporal No. VI Tehuacán, Puebla aChapingo, Méx. :bEl autor,c1984 a180 h.b: mapas ; gráfs aTesis (Ing. Agrónomo Esp. en Zonas Aridas) -- UACH. Departamento de Zonas Aridas14aClimaxPuebla.14aDistrito de Temporal No. 6.